Forradalmi krónika
1956. október 23-tól november 4-ig
Elmentve itt :
| Dokumentumtípus: | Kisnyomtatvány |
|---|---|
| Megjelent: |
K. n.
H. n.
1956
|
| Kulcsszavak: | Magyarország története - 1956 - forrás, Forradalom - Magyarország - 1956 |
| Tárgyszavak: | |
| Online Access: | http://misc.bibl.u-szeged.hu/47482 |
| LEADER | 00833nam a2200229 i 4500 | ||
|---|---|---|---|
| 001 | misc47482 | ||
| 005 | 20201014153615.0 | ||
| 007 | tz | |||||||| | ||
| 008 | 200527s1956 hu o 0|| hun d | ||
| 040 | |a SZTE Miscellanea Repozitórium |b hun | ||
| 041 | |a hun | ||
| 245 | 0 | 0 | |a Forradalmi krónika |h [elektronikus dokumentum] |
| 260 | |a K. n. |b H. n. |c 1956 | ||
| 300 | |a 1 fol. |c 30 x 21 cm | ||
| 520 | 3 | |a 1956. október 23-tól november 4-ig | |
| 561 | |a 1956-os plakátok és szórólapok | ||
| 650 | 4 | |a Bölcsészettudományok | |
| 650 | 4 | |a Történettudomány és régészet | |
| 650 | 4 | |a Történettudomány | |
| 650 | 4 | |a Újkori és jelenkori történelem | |
| 695 | |a Magyarország története - 1956 - forrás, Forradalom - Magyarország - 1956 | ||
| 856 | 4 | 0 | |u http://misc.bibl.u-szeged.hu/47482/1/MS_1500_001_027.pdf |z Dokumentum-elérés |